| 000 | 00369nam a2200133 a 4500 | ||
|---|---|---|---|
| 005 | 20140414132109.0 | ||
| 008 | 110106s19uu xx 00 eng d | ||
| 050 |
_aTR _bC48 2010 |
||
| 245 |
_aCinderella dressing up : _ba little book of clothes!. |
||
| 260 |
_aQueenstreet, UK : _bParragon, _c2010. |
||
| 440 | _aDisney Board Book | ||
| 650 | _aCLothes | ||
| 999 |
_c114677 _d114677 |
||